000 00652nam a2200265 a 4500
001 nice12345678
003 IN_TiNIC
005 20260116015205.0
008 050524s1974 laha grp 000 0 eng
020 _a
_c100
082 0 0 _a297.4
_bIQB
100 _aIqbal, Afzal
245 _aLife and Work of Muhammad Jalal-Ud-din
260 _aLahore
_bInstitute of Islamic Culture
_c1974
300 _a308p
500 _aincludes index and biblioraphy
505 2 _aBibliography
650 _aRumi-Jalaluddin
650 _aJalaluddin Rumi
650 _aSufism
700 1 _aIqbal, Afzal
902 _bSRS
942 _cBK
999 _c18686
_d18686